El Sanatorio (Registro nro. 4150)
[ vista simple ]
| 000 -LEADER | |
|---|---|
| fixed length control field | 00987ngm a22002777a 4500 |
| 005 - DATE AND TIME OF LATEST TRANSACTION | |
| control field | 20170224093813.0 |
| 008 - FIXED-LENGTH DATA ELEMENTS--GENERAL INFORMATION | |
| fixed length control field | 150325b xxu||||| |||| 00| 0 spa d |
| 041 ## - LANGUAGE CODE | |
| Language code of text/sound track or separate title | spa |
| 082 ## - CLASIFICACIÓN | |
| Clasificación | 315 DVD |
| 100 ## - AUTOR | |
| Autor | Gómez, Miguel Director |
| 100 ## - AUTOR | |
| Autor | Truque, Andrea Productora |
| 100 ## - AUTOR | |
| Autor | Gómez, Dennis Productor |
| 245 ## - TÍTULO | |
| Title | El Sanatorio |
| 260 ## - PUBLICATION, DISTRIBUTION, ETC. (IMPRINT) | |
| Place of publication | Costa Rica |
| 260 ## - PUBLICATION, DISTRIBUTION, ETC. (IMPRINT) | |
| Name of publisher | Atómica Films |
| 260 ## - PUBLICATION, DISTRIBUTION, ETC. (IMPRINT) | |
| Year of publication | 2011 |
| 300 ## - PHYSICAL DESCRIPTION | |
| Number of Pages | 71 minutos |
| 500 ## - GENERAL NOTE | |
| General note | Un grupo de jóvenes se aventura a realizar una investigación sobre los fantasmas que supuestamente habitan El Sanatorio Duan. Impulsados por el misterioso lugar se ven envueltos en una aventura que cambiara sus vidas y creencias |
| 650 ## - SUBJECT ADDED ENTRY--TOPICAL TERM | |
| Topical Term | CINE COSTARRICENSE |
| 650 ## - SUBJECT ADDED ENTRY--TOPICAL TERM | |
| Topical Term | FANTASMAS |
| 650 ## - SUBJECT ADDED ENTRY--TOPICAL TERM | |
| Topical Term | APARICIONES |
| 650 ## - SUBJECT ADDED ENTRY--TOPICAL TERM | |
| Topical Term | SANATORIO CARLOS DURÁN CARTÍN, CARTAGO, COSTA RICA |
| 650 ## - SUBJECT ADDED ENTRY--TOPICAL TERM | |
| Topical Term | CINE MISTERIO |
| 650 ## - SUBJECT ADDED ENTRY--TOPICAL TERM | |
| Topical Term | CINE FANTASÍA |
| 942 ## - ADDED ENTRY ELEMENTS (KOHA) | |
| Koha item type | DVD |
| Withdrawn status | Lost status | Damaged status | Not for loan | Home library | Current library | Date acquired | Total Checkouts | Full call number | Accession Number | Date last seen | Date checked out | Price effective from | Koha item type |
|---|---|---|---|---|---|---|---|---|---|---|---|---|---|
| Departamento de Biblioteca y Documentación Alfonso Chase Brenes | Departamento de Biblioteca y Documentación Alfonso Chase Brenes | 08/12/2016 | 2 | 315DVD | 315DVD | 25/02/2020 | 19/02/2020 | 08/12/2016 | DVD |